| 000 | 00612nam a2200217Ia 4500 | ||
|---|---|---|---|
| 003 | OSt | ||
| 005 | 20221007081831.0 | ||
| 006 | a|||||r|||| 00| 0 | ||
| 007 | ta | ||
| 008 | 221006b |||||||| |||| 00| 0 eng d | ||
| 024 | _a29,973 | ||
| 037 | _cTextual | ||
| 040 |
_aFLL _cFLL _beng |
||
| 041 |
_2eng _aeng |
||
| 082 | _aX72.73.N5, K4;1 | ||
| 245 | 0 | _aRole of direct and indirect taxes in the federal revenue system | |
| 260 |
_aPrinceton _bPrinceton University Press Princeton _c1964 |
||
| 300 |
_axii,321p _ccm. |
||
| 942 |
_hX72.73.N5, K4;1 _cTEXL _2CC |
||
| 999 |
_c1164428 _d1164428 |
||